|
|
|
|
| LEADER |
00000nam a22000007a 4500 |
| 005 |
20210827112347.0 |
| 007 |
cr|||| ||| |
| 008 |
210827s2020 eu |||||s|||| 00||0 eng d |
| 020 |
|
|
|a 978-92-76-22746-5
|
| 035 |
|
|
|a 34420
|
| 040 |
|
|
|a vLex
|
| 090 |
|
|
|c 12153
|d 12153
|
| 245 |
0 |
0 |
|a Study supporting the 2020 evaluation of promoting social inclusion, combatting poverty and any discrimination by the European Social Fund
|h [Recurso electrn̤ico] /
|
| 256 |
|
|
|a Servicio en ln̕ea
|
| 260 |
|
|
|a Bruselas:
|b European Union Publications Office,
|c 2020
|
| 300 |
|
|
|a 1 recurso electrn̤ico
|
| 500 |
|
|
|a The European Social Fund (ESF) is the main financial instrument for operationalising the European Union's policies related to employment, education, training and social inclusion. It supports four of the eleven Thematic Objectives defined in the Common Provision Regulation, one of which is Thematic Objective 9 (ESF support to social inclusion): “promoting social inclusion, combating poverty and any discrimination” in the 2014-2020 programming period. This study took stock of the achievements under Thematic Objective 9 (Social Inclusion) in the period up to end 2018, with the objective to formulate findings and identify lessons learned to support the negotiation of the Programmes for the European Social Fund plus; and to provide inputs to the Commission’s ex-post evaluation due by December 2024. The study covered the six Investment Priorities (IP) of ESF support for social inclusion and the 28 EU Member States. In total, 145 concerned Operational Programmes (OPs) were reflected in the analysis.
|
| 506 |
1 |
|
|a Disponible solo en los productos indicados
|d vLex Global
|d vLex Global (Academic Edition, excluding Law Schools)
|d vLex Global (U.S. Academic Edition, Law Schools)
|d vLex Global (U.S. Academic Edition, excluding Law Schools)
|d vLex Global (Academic Edition, Law Schools)
|
| 650 |
0 |
4 |
|a Derecho Pb︢lico y Administrativo
|z Unin̤ Europea
|
| 740 |
0 |
|
|a vLex Libros (Servicio en ln̕ea)
|
| 856 |
4 |
0 |
|u https://app.vlex.com/#sources/34420
|z Acceso restringido
|
| 942 |
|
|
|c BOOK
|
| 999 |
0 |
|
|a Public and Administrative Law
|